| 000 | 00375nam a2200145Ia 4500 | ||
|---|---|---|---|
| 008 | 210210b1971 xxu||||| |||| 00| 0 eng d | ||
| 082 | _a823.01 MACS | ||
| 100 | _aMACINTOSH (Joan). | ||
| 245 | _aStoires of nowadays. | ||
| 260 |
_aMadras _bThe Macmillan Company of India Limited _c1971 |
||
| 300 | _a80 | ||
| 650 | _aStories | ||
| 690 | _aEnglish Fiction | ||
| 906 | _a031758 | ||
| 999 |
_c82692 _d82692 |
||